| 000 | 00832cam a22002653a 4500 | ||
|---|---|---|---|
| 001 | 4017 | ||
| 003 | PGUSA | ||
| 005 | 20140828083042.0 | ||
| 008 | 030501s2003||||xxu|||||s|||||000 1 eng d | ||
| 040 |
_aPGUSA _beng |
||
| 042 | _adc | ||
| 050 | 4 | _aPQ | |
| 100 | 1 |
_aLeblanc, Maurice, _d1864-1941 |
|
| 245 | 1 | 4 |
_aThe Hollow Needle; Further adventures of Arsene Lupin _h[electronic resource] / _cMaurice Leblanc |
| 260 |
_bProject Gutenberg, _c2003 |
||
| 500 | _aTranslation of: L'aiguille creuse | ||
| 506 | _aPublic domain in the USA. | ||
| 516 | _aElectronic text | ||
| 653 | _aLupin, Arsène (Fictitious character) -- Fiction | ||
| 653 | _aBurglars -- Fiction | ||
| 700 | 1 |
_aTeixeira de Mattos, Alexander, _d1865-1921 |
|
| 830 | 0 |
_aProject Gutenberg _v4017 |
|
| 856 | 4 | 0 | _uhttp://www.gutenberg.org/ebooks/4017 |
| 942 | _cEB | ||
| 999 |
_c233346 _d233346 |
||